Our Universe - Statistics

General Stats
  • This quiz has been taken 41 times
    10 since last reset
  • The average score is 20 of 25
Answer Stats
Question Answer % Correct
How long it takes sunlight to reach the Earth? 8 minutes
100%
What is the name of the theory that created the universe? Big Bang
100%
What is measured with light-year? Distance
100%
What is Andromeda? Galaxy
100%
What is supernova? Stellar explosion
100%
What do we call it when a large star collapses and creates a massive nuclear explosion? Supernova
100%
How often does Halley's comet pass the Earth? 75 years
89%
What galaxy is closest to the Milky Way? Andromeda
89%
A ball of ice and dust with a long, glowing tail is called what? Comet
89%
What is a Solar eclipse? Moon passes in front of Sun
89%
What process allows stars to produce so much heat and energy? Nuclear fusion
89%
What group of celestial objects exists at the very outer edge of the Solar System? Oort cloud
89%
What is the closest star to the Earth other than the Sun? Proxima Centauri
89%
Which of these objects is the farthest from the Sun? 90377 Sedna
78%
What group of celestial objects includes rocky objects in orbit between Mars and Jupiter? Asteroid belt
78%
What is the position of celestial bodies during a lunar eclipse? Earth is between Moon and Sun
78%
What is the brightest star in the night sky? Sirius
78%
How many officially recognized constellations are there? 88
67%
When a large star collapses under its own weight, what does it become? Black hole
67%
What is Cassiopeia? Constellation
67%
What is an astronomical unit? Distance from Earth to Sun
67%
What is measured with cosmic year? Time
67%
What is the closest planet to the Earth outside the Solar system? Proxima Centauri d
56%
In which constellation is Polaris, also knows as North Star, located? Ursa Minor
56%
What color are the largest stars? Blue
22%
No matching quizzes found
Score Distribution
Percent of People with Each Score
Percentile by Number Answered
Your Score History
You have not taken this quiz since the last reset